00250nam a2200121Ia 4500100002200000650001200022366000700034654001900041245002600060260002300086300000700109546001200116 aPadmanabhan/Anil  aFiciton f20 akalpana Chawla aKalpana Chawla a life bPuffin booksc2003 a94 aENGLISH